| 000 | 01233nam0a22003011 4500 | ||
|---|---|---|---|
| 001 | rc\4684964 | ||
| 005 | 20250612004008.0 | ||
| 035 | _a(NLR Aleph) 008426580 | ||
| 090 |
_a9390588 _c9390588 |
||
| 100 | _a20130416d1960 |||y0rusy50 ca | ||
| 101 | 0 |
_arus _aeng |
|
| 102 | _aRU | ||
| 105 | _ay z ||||| | ||
| 200 | 1 |
_aПособие по технике перевода с английского языка на русский _fПод общ. ред. Колядко Е.Л. _gВоен.-полит. ордена Ленина краснознам. акад. им. В.И. Ленина. Кафедра иностр. яз. |
|
| 210 |
_aМосква _cБ. и. _d1960 |
||
| 215 |
_a147 с. _d22 |
||
| 300 | _aПеред загл. авт.: Колядко Е.Л., Мильграм В.М., Музыченко Г.Г., Соловьева Т.Н. | ||
| 300 | _aНа обл.: English. Пособие по технике перевода | ||
| 512 | 0 | _aEnglish | |
| 701 | 1 |
_aМузыченко _bГ.Г. |
|
| 701 | 1 |
_aСоловьева _bТ.Н. |
|
| 701 | 1 |
_aМильграм _bВ.М. |
|
| 701 | 1 |
_aКолядко _bЕ.Л. _4340 |
|
| 801 | 0 |
_aRU _bNLR _gpsbo |
|
| 801 | 1 |
_aRU _bELAR _2rusmarc |
|
| 852 |
_aNLR _j60-5/4464 |
||
| 942 | _cBOOK | ||
| 980 | _aNB | ||